Statistics for Country Quiz- England

Click here to take the quiz!

General Stats

  • This quiz has been taken 67 times
  • The average score is 8 of 13

Answer Stats

QuestionsAnswer% Correct
What is the capital city?London
100%
What currency is used?Pound Sterling
98%
What sovereign country is England part of?United Kingdom
96%
What is the most popular sport in England?Football
91%
What is the most followed religion in England?Christian
87%
What is the name of the Ruling Monarch?King Charles III
78%
When was the last time England won the world cup?1966
74%
Which city are the Beatles from?Liverpool
74%
What is the largest county in England?North Yorkshire
46%
Which Noble Prize was Winston Churchill awarded?A Noble Laureate in Literature
24%
Who was the first English Prime Minister?Robert Walpole
15%
What year was England last successfully invaded?5th November 1688 (The Glorious Revolution)
2%
Who established the Church of England?Augustine of Canterbury
0%

Score Distribution

Percentile by Number Answered

Percent of People with Each Score

Your Score History

You have not taken this quiz